000 00458nam a2200181Ia 4500
001 19451
005 20260306172654.0
008 260306t2009||||xx |||||||||||||| ||spa||
041 _aESP
082 _a346C4
_bC73
100 _a[Editor no identificado]
_eAUT
245 0 _aCódigo civil:
_bcódigo procesal civil, código de los niños y adolescentes
260 _c2009
300 _a
_c
650 _aGEN
654 _aCDE
942 _cLIB
_dJUS
_fJUS
_2ddc
_n
999 _c19451
_d19451